Del conservantismo a la modernización : la visión histórica de la falange nacional en Chile /

En este trabajo el interés está puesto en el pensamiento historiográfico conservador. Se pregunta por qué un movimiento político que se identificó plenamente con la visión conservadora de la historia de Chile republicano, con su diagnóstico de decadencia, con su periodificación y sus causas, o se id...

Descripción completa

Detalles Bibliográficos
Autor principal: Serrano, Sol 1954-
Formato: Analitica de revista
Lenguaje:español
Publicado: Santiago, Chile Academia de Humanismo Cristiano 1984
Materias:

MARC

LEADER 00000cab a2200000 a 4500
001 024505
003 UAHC_CL
005 20171121163802.0
008 140120s1984 cl 000 spa
952 |0 0  |1 0  |4 0  |6 ALTERNATIVAS_NUMERO_ESPECIAL_84_000000000000000  |7 0  |8 COMP  |9 48991  |a BC  |b BC  |c COMP  |d 2017-08-03  |l 0  |o ALTERNATIVAS-NUMERO ESPECIAL/84  |r 2017-08-03 00:00:00  |t 1  |w 2017-08-03  |y REVA 
999 |c 24505  |d 24505 
040 |a UAHC_CL  |c UAHC_CL  |d UAHC_CL 
100 1 |a Serrano, Sol  |d 1954- 
245 1 0 |a Del conservantismo a la modernización :  |b la visión histórica de la falange nacional en Chile /  |c Sol Serrano. 
260 |b Academia de Humanismo Cristiano  |c 1984  |a Santiago, Chile 
300 |a pp. 156-178 
310 |a Anual. 
362 0 |a No. Especial (jun. 1984). 
500 |a En: Alternativas. Número especial, 1984. pp. 156-178. 
520 |a En este trabajo el interés está puesto en el pensamiento historiográfico conservador. Se pregunta por qué un movimiento político que se identificó plenamente con la visión conservadora de la historia de Chile republicano, con su diagnóstico de decadencia, con su periodificación y sus causas, o se identificó con las conclusiones autoritarias y hostiles a la democracia que se desprendieron de dicha visión y, fue un partido político cuyos pilares fundamentales fueron la democratización y la modernización. 
650 4 |a POLITICA  |x HISTORIA  |z CHILE 
650 4 |a CONSERVADURISMO  |z CHILE 
650 4 |a REPUBLICANISMO  |z CHILE 
651 4 |a CHILE  |x POLITICA Y GOBIERNO 
900 |a ALTERNATIVAS-NUMERO ESPECIAL/84 
942 |c REVA  |2 ddc